Progressively Tougher Border Route II Quiz Stats

 Plays Quiz not verified by Sporcle

Score 0/36 Timer 07:00
0 Plays Today
% Correct
Austria
93.8%
Saudi Arabia
91.4%
Iraq
90.3%
India
89.7%
Pakistan
89.5%
Serbia
89.3%
Iran
89.1%
South Africa
88.3%
Iran
87.4%
Hungary
87.1%
Zambia
86.6%
Turkey
86.5%
Afghanistan
86%
Egypt
85.7%
Saudi Arabia
85.7%
Libya
85.5%
Colombia
85.2%
Greece
85.1%
% Correct
Algeria
85%
Namibia
84.2%
Israel
84.2%
Guinea
83.9%
Jordan
83.6%
Brazil
83.2%
Angola
82.9%
Côte d'Ivoire
79.7%
Republic of the Congo
76.9%
France
76.4%
Cameroon
76.3%
Benin
76.1%
Germany
75.3%
Nigeria
74.9%
Poland
73.9%
Turkey
73.3%
Russia
72.8%
Georgia
69%

You're not logged in!

Compare scores with friends on all Sporcle quizzes.
OR
Log In

Show Comments

Extras

Top Quizzes Today


Score Distribution

Your Account Isn't Verified!

In order to create a playlist on Sporcle, you need to verify the email address you used during registration. Go to your Sporcle Settings to finish the process.

Report this User

Report this user for behavior that violates our Community Guidelines.

Details: